What is psychology?/ (Record no. 72)

MARC details
000 -LEADER
fixed length control field 00585nam a22001697a 4500
008 - FIXED-LENGTH DATA ELEMENTS--GENERAL INFORMATION
fixed length control field 110906t xxu||||| |||| 00| 0 eng d
020 ## - INTERNATIONAL STANDARD BOOK NUMBER
International Standard Book Number 139781111069957 101111069956
050 ## - LIBRARY OF CONGRESS CALL NUMBER
Classification number BF121.P26
100 ## - MAIN ENTRY--PERSONAL NAME
Personal name Pastorino, Ellen.
245 ## - TITLE STATEMENT
Title What is psychology?/
Statement of responsibility, etc. Ellen Pastorino, Susann Doyle-Portillo.
260 ## - PUBLICATION, DISTRIBUTION, ETC.
Place of publication, distribution, etc. Australia ; Bemont, CA
Name of publisher, distributor, etc. Wadsworth Cengage
Date of publication, distribution, etc. c2010.
300 ## - PHYSICAL DESCRIPTION
Extent 1 v. (various pagings) :
Other physical details ill. (chiefly col.) ;
Dimensions 29 cm.
500 ## - GENERAL NOTE
General note Includes bibliographical references and indexes.
650 ## - SUBJECT ADDED ENTRY--TOPICAL TERM
Topical term or geographic name entry element Psychology
700 ## - ADDED ENTRY--PERSONAL NAME
Personal name Doyle-Portillo, Susann.
942 ## - ADDED ENTRY ELEMENTS (KOHA)
Source of classification or shelving scheme Library of Congress Classification
Koha item type Books
Holdings
Withdrawn status Lost status Source of classification or shelving scheme Damaged status Not for loan Home library Current library Shelving location Date acquired Total Checkouts Full call number Barcode Date last seen Price effective from Koha item type
    Library of Congress Classification     WISCONSIN INTERNATIONAL UNIVERSITY COLLEGE, GHANA - MAIN LIBRARY WISCONSIN INTERNATIONAL UNIVERSITY COLLEGE, GHANA - MAIN LIBRARY General Stacks 06/09/2011   BF121.P26 175/11 06/09/2011 06/09/2011 Books

If you have any concerns or questions; kindly contact the library


© Powered by WIUC ICT DIRECTORATE